10 Most sparsely populated countries in the world - Statistics

General Stats
  • This quiz has been taken 1,458 times
  • The average score is 6 of 10
Answer Stats
People per square mile Answer % Correct
5 Mongolia
94%
10 Canada
88%
8 Australia
87%
7 Namibia
57%
9 Libya
56%
8 Iceland
54%
9 Mauritania
48%
9 Botswana
40%
8 Suriname
26%
11 Guyana
25%
No matching quizzes found
Score Distribution
Percent of People with Each Score
Percentile by Number Answered
Your Score History
You have not taken this quiz